Edge city: life on the new frontier/

সংরক্ষণ করুন:
গ্রন্থ-পঞ্জীর বিবরন
প্রধান লেখক: Garreau, Joel
বিন্যাস: গ্রন্থ
ভাষা:ইংরেজি
প্রকাশিত: New York: Doubleday, 1992.
বিষয়গুলি:
ট্যাগগুলো: ট্যাগ যুক্ত করুন
কোনো ট্যাগ নেই, প্রথমজন হিসাবে ট্যাগ করুন!

MARC

LEADER 00000nam a22000007a 4500
003 KE-NaDUL
005 20230310122234.0
008 230310b |||||||| |||| 00| 0 eng d
020 |a 0385424345 
040 |a DUL  |c DUL  |d Pmahero 
050 |a HT334.G37 1992 
100 |a Garreau, Joel  |9 118855 
245 |a Edge city:  |b life on the new frontier/  |c by Joel Garreau. 
260 |a New York:  |b Doubleday,  |c 1992. 
300 |a xxiii, 548 p. 
650 |a Metropolitan areas  |9 118856 
650 |a Real estate development  |9 118857 
942 |2 lcc  |c REF  |h HT334  |i .G37  |m  1992  |6 HT0334 G37 
952 |0 0  |1 0  |2 lcc  |4 0  |6 HT0334 G37 01992  |7 1  |8 REF  |9 133707  |a CUI  |b CUI  |c CUI  |d 2023-03-10  |l 0  |o HT334.G37 1992  |p CUI02815  |r 2023-03-10 00:00:00  |w 2023-03-10  |x 02815  |y REF 
999 |c 218237  |d 218236